Au fondement des sociétés humaines : ce que nous apprend l'anthropologie /

Au fondement des sociétés humaines, on trouve le sacré. Autant le savoir, et en apprendre le secret de fabrique, en ces temps où le lien social se distend, où la logique communautariste et identitaire semble l'emporter sur ce qui rassemble.

Detalles Bibliográficos
Autor principal: Godelier, Maurice 1934-
Formato: Libro
Lenguaje:francés
Publicado: Paris Albin Michel 2007
Colección:Bibliothèque Albin Michel. Ide?es
Materias:
Acceso en línea:

MARC

LEADER 00000cam a2200000 a 4500
001 003470
003 UAHC_CL
005 20170803115936.0
008 100712s2007 fr 000 fre
020 |a 9782226179036 
040 |a UAHC_CL  |c UAHC_CL  |d UAHC_CL 
082 0 4 |a 301.1  |b G581  |2 20 
100 1 |a Godelier, Maurice  |d 1934- 
245 1 0 |a Au fondement des sociétés humaines :  |b ce que nous apprend l'anthropologie /  |c Maurice Godelier. 
260 |b Albin Michel  |a Paris  |c 2007 
300 |a 292 p. 
490 0 |a Bibliothèque Albin Michel. Ide?es 
520 |a Au fondement des sociétés humaines, on trouve le sacré. Autant le savoir, et en apprendre le secret de fabrique, en ces temps où le lien social se distend, où la logique communautariste et identitaire semble l'emporter sur ce qui rassemble. 
521 |a Teoría II. Tradición francesa 
650 4 |a GRUPOS SOCIALES 
650 4 |a ANTROPOLOGIA  |x FILOSOFIA 
650 4 |a IDENTIDAD GRUPAL 
650 4 |a PADRES E HIJOS 
653 |a ANTROPOLOGIA 
658 |a Brinck, Guillermo 
900 |a 301.1 GOD 
942 |c BK 
952 |0 0  |1 0  |4 0  |6 301_100000000000000_GOD  |7 0  |8 General  |9 7722  |a BC  |b BC  |c General  |d 2017-08-03  |l 0  |o 301.1 GOD  |p 1379844  |r 2026-01-07 00:00:00  |t 1  |w 2017-08-03  |y BK 
952 |0 0  |1 0  |4 0  |6 301_100000000000000_GOD  |7 0  |8 General  |9 7723  |a BC  |b BC  |c General  |d 2017-08-03  |l 2  |m 2  |o 301.1 GOD  |p 1379845  |r 2026-01-07 00:00:00  |s 2018-07-09  |t 2  |w 2017-08-03  |y BK 
999 |c 3470  |d 3470